000 02641cam a2200337 4500
001 ABS64296
008 010807n2001 000 0 eng u
035 _a(Sirsi) u113982
245 _aR (Regina Developments Ltd and others) v SoS Environment, Transport and the Regions, R (Holding & Barnes plc) v SoS Environment, Transport and the Regions, SoS Environment, Transport and the Regions v Legal and General Assurance Society Ltd
260 _c2001
490 _aWeekly Law Reports
_v[2001] 2 WLR 1389-1451(62)
520 _aHL 9 May 2001.Three cojoined appeals for judicial review and application by the SoS Environment from the decision of the Divisional Court, declaring that the SoS's powers to call in or recover decisions under the Town and Country Planning Act 1990, the Transport and Works Act 1992, Highways Act 1980 and the Acquisition of Land Act 1981, contravened the European Convention on Human Rights Article 6(1). The applications were on the grounds that the SoS is not an independent or impartial tribunal. The SoS conceded that he was not such a tribunal but sought to contend the right of appeal to and the reviewing process to the High Court, and that the process was in accordance with the Article. "Held", the SoS was not an independent and impartial tribunal but decisions taken by him were not incompatible with Article 6(1) as incorporated into the Human Rights Act 1998 sched 1 as they were subject to review by an independent and impartial tribunal. Maintains that the SoS's powers are essentially administrative rather than judicial. Reverses the QBD's decision. http://www.parliament.the-stationery-office.co.uk/pa/ld200001/ldjudgmt/jd010509/alcon-1.htm
590 _aABS
650 _aACQUISITION OF LAND ACT 1981
650 _aCompulsory purchase
_96228
650 _aCONVENTION FOR THE PROTECTION OF HUMAN RIGHTS AND FUNDAMENTAL FREEDOMS ART 6(1)
650 _aHIGHWAYS ACT 1980
650 _aHUMAN RIGHTS ACT 1998
650 _aPLANNING APPEALS
650 _aPLANNING APPLICATIONS
650 _aR V SOS ENVIRONMENT, TRANSPORT AND THE REGIONS EX P ALCONBURY DEVELOPMENTS
650 _aR V SOS ENVIRONMENT EX P HOLDING AND BARNES PLC
650 _aR V SOS ENVIRONMENT EX P LEGAL AND GENERAL ASSURANCE SOCIETY
650 _aR V SOS ENVIRONMENT EX P PREMIER LEISURE
650 _aTOWN AND COUNTRY PLANNING ACT 1990
650 _aTRANSPORT AND WORKS ACT 1992
650 _aIMPARTIALITY
690 _aENVIRONMENTAL AND LAND CONSULTANCY-PLANNING AND DEVELOPMENT
856 _uhttps://www.parliament.the-stationery-office.co.uk/pa/ld200001/ldjudgmt/jd010509/alcon-1.htm
942 _n0
999 _c67931
_d67931